01560nam a22003614a 4500001001200000003000800012006001900020007001500039008004100054010001700095020003600112020003500148040002100183035002000204050002300224082001200247100002200259245009600281260005300377300001500430490004900445504006400494505016400558533015200722650000900874650002800883650005000911655002900961710001700990830005001007856012601057999001501183ebr10003027CaPaEBRm u cr cn|||||||||010509s2001 inu sb 001 0 eng  z 2001002818 z0253339987 (cloth : alk. paper) z0253214890 (pbk. : alk. paper) aCaPaEBRcCaPaEBR a(OCoLC)5110316514aBT103b.K43 2001eb04a2112211 aKearney, Richard.14aThe God who may beh[electronic resource] :ba hermeneutics of religion /cRichard Kearney. aBloomington :bIndiana University Press,cc2001. aix, 172 p.1 aIndiana series in the philosophy of religion aIncludes bibliographical references (p. 161-169) and index.0 aToward a phenomenology of the persona -- I am who may be -- Transfiguring God -- Desiring God -- Possibilizing God -- Conclusion : poetics of the possible God. aElectronic reproduction.bPalo Alto, Calif. :cebrary,d2013.nAvailable via World Wide Web.nAccess may be limited to ebrary affiliated libraries. 0aGod. 0aPhilosophical theology. 0aPossibilityxReligious aspectsxChristianity. 7aElectronic books.2local2 aebrary, Inc. 0aIndiana series in the philosophy of religion.40uhttp://site.ebrary.com/lib/rucke/Doc?id=10003027zAn electronic book accessible through the World Wide Web; click to view c2476d2476